[Event "Schools Out"]
[Site "Edmonton CAN"]
[Date "1999.07.15"]
[Round "3"]
[White "Kazakevich, Anastasia"]
[Black "Chi, Jonathan"]
[Result "1-0"]
[WhiteElo "1522"]
[BlackElo "970"]
[PlyCount "85"]
[GameId "2160767911743245"]
[EventDate "1999.07.01"]
[EventType "swiss"]
[EventRounds "5"]
[EventCountry "CAN"]
[SourceTitle "Albertabase"]
[SourceDate "2003.08.17"]
[SourceVersion "1"]
[SourceVersionDate "2003.08.17"]
[SourceQuality "1"]

1. d4 d5 2. c4 e6 3. Nf3 Nf6 4. Nc3 Nc6 5. Bf4 Bd6 6. Bxd6 cxd6 7. e3 dxc4 8. Bxc4 O-O 9. O-O e5 10. d5 Ne7 11. e4 Bg4 12. h3 Bxf3 13. Qxf3 Ng6 14. b3 Rc8 15. Rfc1 a6 16. a4 Qa5 17. Ne2 Qd2 18. Qd3 Qg5 19. Rc3 Nh5 20. Qe3 Nhf4 21. Nxf4 exf4 22. Qd2 Ne5 23. Be2 Rxc3 24. Qxc3 f5 25. exf5 Rxf5 26. Kf1 Qg6 27. Bd3 Nxd3 28. Qxd3 Qf6 29. Rc1 Qf8 30. f3 g6 31. Rc7 Qb8 32. Qc3 Rf7 33. Rc8+ Rf8 34. Rxb8 Rxb8 35. Qc7 Re8 36. Qxd6 Re3 37. Qxf4 Rxb3 38. d6 Rd3 39. Qc4+ Kf8 40. Qxd3 Ke8 41. Qe4+ Kd8 42. Qe7+ Kc8 43. Qc7# 1-0

[Event "Schools Out"]
[Site "Edmonton CAN"]
[Date "1999.07.22"]
[Round "4"]
[White "Kazakevich, Anastasia"]
[Black "Mendryk, Wayne"]
[Result "1-0"]
[WhiteElo "1522"]
[BlackElo "1462"]
[PlyCount "53"]
[GameId "2160767911743246"]
[EventDate "1999.07.01"]
[EventType "swiss"]
[EventRounds "5"]
[EventCountry "CAN"]
[SourceTitle "Albertabase"]
[SourceDate "2003.08.17"]
[SourceVersion "1"]
[SourceVersionDate "2003.08.17"]
[SourceQuality "1"]

1. d4 Nf6 2. c4 g6 3. Nc3 d5 4. Nf3 Bg7 5. Bg5 c5 6. e3 Nc6 7. cxd5 Nxd5 8. Nxd5 Qxd5 9. dxc5 Qxc5 10. Qd2 O-O 11. Rc1 Qb6 12. b3 Bg4 13. Be2 Rfd8 14. Qc2 Rd7 15. O-O Rad8 16. Rfd1 Nb4 17. Qe4 Bf5 18. Qc4 Be6 19. Qe4 Rxd1+ 20. Rxd1 Rxd1+ 21. Bxd1 Qd6 22. Be2 Nc6 23. Bf4 Qa3 24. Qc2 Nb4 25. Qc7 Qxa2 26. Qd8+ Bf8 27. Bh6 1-0

[Event "Schools Out"]
[Site "Edmonton CAN"]
[Date "1999.07.29"]
[Round "5"]
[White "Dewindt, Cor"]
[Black "Kazakevich, Anastasia"]
[Result "1/2-1/2"]
[WhiteElo "1564"]
[BlackElo "1522"]
[PlyCount "49"]
[GameId "2160767911743247"]
[EventDate "1999.07.01"]
[EventType "swiss"]
[EventRounds "5"]
[EventCountry "CAN"]
[SourceTitle "Albertabase"]
[SourceDate "2003.08.17"]
[SourceVersion "1"]
[SourceVersionDate "2003.08.17"]
[SourceQuality "1"]

1. e4 d5 2. exd5 Qxd5 3. Nc3 Qa5 4. d4 Nf6 5. Bd2 Qb6 6. Nf3 Bg4 7. h3 Bh5 8. Be2 e6 9. Na4 Qc6 10. Nc3 a6 11. O-O Bd6 12. Ne5 Bxe2 13. Qxe2 Bxe5 14. dxe5 Nd5 15. Nxd5 Qxd5 16. c4 Qc6 17. Bb4 Nd7 18. b3 Nc5 19. Qe3 b6 20. Bxc5 Qxc5 21. Qxc5 bxc5 22. Rad1 Rd8 23. Rxd8+ Kxd8 24. Rd1+ Ke7 25. f4 1/2-1/2

[Event "Select Six"]
[Site "Edmonton CAN"]
[Date "1999.06.11"]
[Round "1"]
[White "Gomboc, Dave"]
[Black "Ottosen, David"]
[Result "0-1"]
[WhiteElo "2129"]
[BlackElo "2101"]
[PlyCount "104"]
[GameId "2160767911743295"]
[EventDate "1999.06.11"]
[EventType "tourn"]
[EventRounds "5"]
[EventCountry "CAN"]
[SourceTitle "EXT 2017"]
[Source "ChessBase"]
[SourceDate "2016.10.25"]
[SourceVersion "1"]
[SourceVersionDate "2016.10.25"]
[SourceQuality "1"]

1. d4 e6 2. e4 d5 3. Nd2 c5 4. exd5 Qxd5 5. Ngf3 cxd4 6. Bc4 Qd6 7. O-O Nc6 8. Nb3 Nf6 9. Nbxd4 Nxd4 10. Nxd4 a6 11. Re1 Qc7 12. Bb3 Bd6 13. Nf3 b5 14. Bg5 Bb7 15. Bh4 h6 16. Qe2 Nd5 17. Bg3 Bxg3 18. hxg3 O-O 19. c4 bxc4 20. Bxc4 Rfc8 21. b3 a5 22. Qb2 a4 23. Rac1 Qb6 24. Qd4 Qxd4 25. Nxd4 Nb4 26. bxa4 Rxa4 27. Bb3 Rxc1 28. Rxc1 Nxa2 29. Rc7 Rxd4 30. Rxb7 Rb4 31. Rxb4 Nxb4 32. Kf1 Nd3 33. Bc4 Ne5 34. Bb5 g5 35. Ke2 Kg7 36. Ke3 f5 37. Be2 Kf6 38. Bd1 Ng6 39. Bb3 e5 40. Bd5 h5 41. Bb7 h4 42. gxh4 gxh4 43. Bd5 Kg5 44. Bc6 Nf4 45. g3 hxg3 46. fxg3 Ne6 47. Bf3 Nd4 48. Bd1 Nb5 49. Kd3 Nd6 50. Be2 Ne4 51. g4 Nf2+ 52. Kd2 Nxg4 0-1

[Event "Select Six"]
[Site "Edmonton CAN"]
[Date "1999.06.11"]
[Round "1"]
[White "Haessel, Dale"]
[Black "Huber, Gregory"]
[Result "0-1"]
[WhiteElo "2276"]
[BlackElo "2384"]
[PlyCount "78"]
[GameId "2160767911743296"]
[EventDate "1999.06.11"]
[EventType "tourn"]
[EventRounds "5"]
[EventCountry "CAN"]
[SourceTitle "EXT 2017"]
[Source "ChessBase"]
[SourceDate "2016.10.25"]
[SourceVersion "1"]
[SourceVersionDate "2016.10.25"]
[SourceQuality "1"]

1. e4 a6 2. c4 e5 3. Nf3 Nc6 4. Nc3 d6 5. d4 Bg4 6. d5 Nd4 7. Qa4+ Bd7 8. Qd1 Bg4 9. Be2 Nxe2 10. Qxe2 Qf6 11. Be3 g6 12. O-O-O Bh6 13. Bxh6 Bxf3 14. gxf3 Nxh6 15. Qe3 Qh4 16. c5 O-O 17. cxd6 cxd6 18. Qb6 Rfd8 19. Kb1 Rab8 20. Rc1 Qf4 21. Qe3 Qxe3 22. fxe3 f5 23. Rc2 Rbc8 24. Rhc1 Rc7 25. f4 Ng4 26. exf5 Nxe3 27. Re2 exf4 28. fxg6 hxg6 29. Rg1 Kh7 30. Rf2 Rc4 31. Rg5 Rdc8 32. Kc1 b5 33. a3 R8c5 34. Kd2 Rd4+ 35. Ke2 Kh6 36. h4 a5 37. Kf3 Nxd5 38. Ne4 Rd3+ 39. Kg2 Rc4 0-1

[Event "Select Six"]
[Site "Edmonton CAN"]
[Date "1999.06.11"]
[Round "1"]
[White "Schulte, Oliver"]
[Black "Gardner, Robert"]
[Result "1-0"]
[WhiteElo "2457"]
[BlackElo "2328"]
[PlyCount "51"]
[GameId "2160767911743297"]
[EventDate "1999.06.11"]
[EventType "tourn"]
[EventRounds "5"]
[EventCountry "CAN"]
[SourceTitle "EXT 2017"]
[Source "ChessBase"]
[SourceDate "2016.10.25"]
[SourceVersion "1"]
[SourceVersionDate "2016.10.25"]
[SourceQuality "1"]

1. e4 c5 2. Nf3 d6 3. d4 cxd4 4. Nxd4 Nf6 5. Nc3 a6 6. Bc4 e6 7. Bb3 Nc6 8. Be3 Be7 9. Qe2 Na5 10. O-O-O Nxb3+ 11. axb3 Qa5 12. Kb1 Bd7 13. g4 O-O-O 14. g5 Ne8 15. f4 f6 16. f5 fxg5 17. fxe6 Bc6 18. Nf5 Bf6 19. Nd5 Bxd5 20. Rxd5 Qc7 21. Qf2 Qc6 22. Bb6 Nc7 23. Rhd1 Nxd5 24. exd5 Qb5 25. Bxd8 Kxd8 26. Nxd6 1-0

[Event "Select Six"]
[Site "Edmonton CAN"]
[Date "1999.06.12"]
[Round "2"]
[White "Haessel, Dale"]
[Black "Gomboc, Dave"]
[Result "1-0"]
[WhiteElo "2276"]
[BlackElo "2129"]
[PlyCount "119"]
[GameId "2160767911743298"]
[EventDate "1999.06.11"]
[EventType "tourn"]
[EventRounds "5"]
[EventCountry "CAN"]
[SourceTitle "EXT 2017"]
[Source "ChessBase"]
[SourceDate "2016.10.25"]
[SourceVersion "1"]
[SourceVersionDate "2016.10.25"]
[SourceQuality "1"]

1. e4 c5 2. c3 Nf6 3. e5 Nd5 4. d4 cxd4 5. Qxd4 e6 6. Nf3 Nc6 7. Qe4 f5 8. Qe2 Be7 9. g3 O-O 10. Bg2 d6 11. exd6 Bxd6 12. Nbd2 Kh8 13. Nc4 Bc7 14. O-O Qf6 15. Bg5 Qg6 16. h4 h6 17. Bd2 Rf6 18. Nfe5 Qe8 19. Rfe1 Bd7 20. Rad1 Rd8 21. Nxd7 Rxd7 22. Bxh6 Nxc3 23. Bxg7+ Rxg7 24. bxc3 e5 25. Ne3 Ne7 26. Bxb7 Bb6 27. Kh2 f4 28. Ng4 fxg3+ 29. fxg3 Rfg6 30. Bf3 Qa4 31. Qxe5 Qxa2+ 32. Re2 Qf7 33. Rd3 Ng8 34. Re4 Bc7 35. Qd4 Bb6 36. Ne5 Bxd4 37. Nxf7+ Rxf7 38. Rexd4 Re6 39. Rd8 Kg7 40. Bd5 Re2+ 41. Kh3 Rf8 42. Rxf8 Kxf8 43. Bxg8 Kxg8 44. Rd8+ Kf7 45. Ra8 Re7 46. h5 Rc7 47. Kh4 Kf6 48. g4 Kg7 49. c4 Kh7 50. c5 Kg7 51. c6 Re7 52. Rb8 Kf6 53. g5+ Kf5 54. Rb7 Re1 55. Rf7+ Ke5 56. Re7+ Kd6 57. Rxe1 Kxc6 58. Ra1 Kb6 59. Rxa7 Kxa7 60. h6 1-0

[Event "Select Six"]
[Site "Edmonton CAN"]
[Date "1999.06.12"]
[Round "2"]
[White "Huber, Gregory"]
[Black "Gardner, Robert"]
[Result "1/2-1/2"]
[WhiteElo "2384"]
[BlackElo "2328"]
[PlyCount "93"]
[GameId "2160767911743299"]
[EventDate "1999.06.11"]
[EventType "tourn"]
[EventRounds "5"]
[EventCountry "CAN"]
[SourceTitle "EXT 2017"]
[Source "ChessBase"]
[SourceDate "2016.10.25"]
[SourceVersion "1"]
[SourceVersionDate "2016.10.25"]
[SourceQuality "1"]

1. e4 c5 2. Nc3 Nc6 3. Nge2 g6 4. d4 cxd4 5. Nxd4 Bg7 6. Nde2 Nf6 7. g3 O-O 8. Bg2 d6 9. O-O Bd7 10. h3 a6 11. a4 Rc8 12. Nd5 Nxd5 13. exd5 Na5 14. Ra2 Bf5 15. c3 Qb6 16. g4 Bd7 17. Be3 Qc7 18. b3 b5 19. axb5 axb5 20. b4 Nc4 21. Bd4 Ra8 22. Qb3 Bxd4 23. Nxd4 Ra7 24. Re1 Rxa2 25. Qxa2 Ne5 26. Qa1 g5 27. Be4 Rc8 28. Re3 Nc4 29. Rg3 Qb7 30. Qc1 h6 31. h4 f6 32. hxg5 fxg5 33. Qc2 Ne5 34. Bf5 Rf8 35. Rh3 Rf6 36. Qe4 Qa7 37. Kg2 Qa2 38. Re3 Qb2 39. Re2 Qxc3 40. Bxd7 Nxd7 41. Rc2 Qxb4 42. Rc8+ Nf8 43. Rxf8+ Kxf8 44. Ne6+ Rxe6 45. Qxb4 Re5 46. Qxb5 Kg7 47. Qd3 1/2-1/2

[Event "Select Six"]
[Site "Edmonton CAN"]
[Date "1999.06.12"]
[Round "2"]
[White "Ottosen, David"]
[Black "Schulte, Oliver"]
[Result "1/2-1/2"]
[WhiteElo "2101"]
[BlackElo "2457"]
[PlyCount "62"]
[GameId "2160767911743300"]
[EventDate "1999.06.11"]
[EventType "tourn"]
[EventRounds "5"]
[EventCountry "CAN"]
[SourceTitle "EXT 2017"]
[Source "ChessBase"]
[SourceDate "2016.10.25"]
[SourceVersion "1"]
[SourceVersionDate "2016.10.25"]
[SourceQuality "1"]

1. e4 c5 2. Nf3 e6 3. d4 cxd4 4. Nxd4 Nc6 5. Nc3 Nf6 6. Ndb5 d6 7. Bf4 e5 8. Bg5 a6 9. Na3 b5 10. Bxf6 gxf6 11. Nd5 Bg7 12. c3 f5 13. exf5 Bxf5 14. Nc2 Be6 15. Nce3 Ne7 16. Be2 Nxd5 17. Nxd5 O-O 18. O-O Qg5 19. f4 exf4 20. Nxf4 Be5 21. Qc1 Bc4 22. Bxc4 bxc4 23. Nh3 Qxc1 24. Raxc1 Rab8 25. Rc2 Rb5 26. Rff2 Rfb8 27. Rfe2 Ra5 28. a3 Kg7 29. Nf2 f5 30. Nd1 f4 31. Kf2 Rd5 1/2-1/2

[Event "Select Six"]
[Site "Edmonton CAN"]
[Date "1999.06.12"]
[Round "3"]
[White "Gardner, Robert"]
[Black "Ottosen, David"]
[Result "1-0"]
[WhiteElo "2328"]
[BlackElo "2101"]
[PlyCount "45"]
[GameId "2160767911743301"]
[EventDate "1999.06.11"]
[EventType "tourn"]
[EventRounds "5"]
[EventCountry "CAN"]
[SourceTitle "EXT 2017"]
[Source "ChessBase"]
[SourceDate "2016.10.25"]
[SourceVersion "1"]
[SourceVersionDate "2016.10.25"]
[SourceQuality "1"]

1. f4 d5 2. Nf3 c5 3. g3 Nc6 4. Bg2 Nf6 5. O-O g6 6. d3 Bg7 7. Nc3 O-O 8. e4 dxe4 9. dxe4 Qb6 10. h3 Rd8 11. Qe1 Be6 12. Qf2 Nd4 13. Ng5 Bc4 14. Re1 h6 15. Nf3 Rac8 16. g4 Nxf3+ 17. Qxf3 e5 18. f5 Rd7 19. h4 Kh7 20. g5 Nh5 21. Bh3 Nf4 22. fxg6+ Nxg6 23. Bxd7 1-0

[Event "Select Six"]
[Site "Edmonton CAN"]
[Date "1999.06.12"]
[Round "3"]
[White "Gomboc, Dave"]
[Black "Huber, Gregory"]
[Result "1/2-1/2"]
[WhiteElo "2129"]
[BlackElo "2384"]
[PlyCount "59"]
[GameId "2160767911743302"]
[EventDate "1999.06.11"]
[EventType "tourn"]
[EventRounds "5"]
[EventCountry "CAN"]
[SourceTitle "EXT 2017"]
[Source "ChessBase"]
[SourceDate "2016.10.25"]
[SourceVersion "1"]
[SourceVersionDate "2016.10.25"]
[SourceQuality "1"]

1. d4 b5 2. e4 Bb7 3. f3 a6 4. c4 bxc4 5. Bxc4 e6 6. d5 exd5 7. Bxd5 Bxd5 8. Qxd5 Nc6 9. Ne2 Nf6 10. Qc4 Be7 11. O-O O-O 12. Rd1 Qb8 13. Nbc3 Qa7+ 14. Kf1 Rab8 15. Nd5 Nxd5 16. Rxd5 Bd6 17. Rb1 Rb5 18. f4 Nb4 19. Rxb5 axb5 20. Qxb5 c6 21. Qc4 Qxa2 22. Qxa2 Nxa2 23. Bd2 Rb8 24. b3 Kf8 25. Kf2 f6 26. Ke3 Nb4 27. Kd4 Nc2+ 28. Kd3 Na3 29. Rb2 Ke7 30. Nd4 1/2-1/2

[Event "Select Six"]
[Site "Edmonton CAN"]
[Date "1999.06.12"]
[Round "3"]
[White "Schulte, Oliver"]
[Black "Haessel, Dale"]
[Result "0-1"]
[WhiteElo "2457"]
[BlackElo "2276"]
[PlyCount "62"]
[GameId "2160767911743303"]
[EventDate "1999.06.11"]
[EventType "tourn"]
[EventRounds "5"]
[EventCountry "CAN"]
[SourceTitle "EXT 2017"]
[Source "ChessBase"]
[SourceDate "2016.10.25"]
[SourceVersion "1"]
[SourceVersionDate "2016.10.25"]
[SourceQuality "1"]

1. e4 c5 2. Nf3 d6 3. d4 cxd4 4. Nxd4 Nf6 5. Nc3 a6 6. Bc4 e6 7. Bb3 b5 8. Qf3 Qc7 9. Bg5 Be7 10. O-O O-O 11. Rad1 Nbd7 12. a4 bxa4 13. Nxa4 Bb7 14. Bxf6 Bxf6 15. c3 Rab8 16. Rfe1 Ne5 17. Qe2 Nc6 18. Rd3 Nxd4 19. cxd4 Bc6 20. e5 Be7 21. Rc1 Bg5 22. Ra1 Bb5 23. exd6 Qxd6 24. Nc5 Bf6 25. Bc2 Bxd3 26. Qxd3 g6 27. Rxa6 Qd5 28. b3 Bxd4 29. Ne4 Rfd8 30. Qf3 Rbc8 31. Ra7 Qf5 0-1

[Event "Select Six"]
[Site "Edmonton CAN"]
[Date "1999.02.13"]
[Round "4"]
[White "Gomboc, Dave"]
[Black "Schulte, Oliver"]
[Result "0-1"]
[WhiteElo "2129"]
[BlackElo "2457"]
[PlyCount "80"]
[GameId "2160767911743304"]
[EventDate "1999.06.11"]
[EventType "tourn"]
[EventRounds "5"]
[EventCountry "CAN"]
[SourceTitle "EXT 2017"]
[Source "ChessBase"]
[SourceDate "2016.10.25"]
[SourceVersion "1"]
[SourceVersionDate "2016.10.25"]
[SourceQuality "1"]

1. e4 c5 2. Nf3 e6 3. d4 cxd4 4. Nxd4 Nf6 5. Nc3 Nc6 6. Ndb5 d6 7. Bf4 e5 8. Bg5 a6 9. Na3 b5 10. Bxf6 gxf6 11. Nd5 Bg7 12. c3 f5 13. Bd3 Be6 14. O-O O-O 15. Qh5 fxe4 16. Bxe4 f5 17. Nf6+ Rxf6 18. Bxc6 Rb8 19. Qe2 Rb6 20. Bf3 e4 21. Bxe4 fxe4 22. Qxe4 d5 23. Qb4 Bf8 24. Qd4 Bxa3 25. bxa3 Bf7 26. Rad1 Rbc6 27. Rd3 Rc4 28. Qe3 Qd6 29. Rfd1 Qf4 30. Qa7 Qc7 31. Rg3+ Rg6 32. Rxg6+ hxg6 33. Qxa6 Rxc3 34. Qxb5 Rc1 35. Qf1 Rxd1 36. Qxd1 Qc3 37. h4 d4 38. Qg4 d3 39. h5 Qa1+ 40. Kh2 Qe5+ 0-1

[Event "Select Six"]
[Site "Edmonton CAN"]
[Date "1999.02.13"]
[Round "4"]
[White "Haessel, Dale"]
[Black "Gardner, Robert"]
[Result "0-1"]
[WhiteElo "2276"]
[BlackElo "2328"]
[PlyCount "84"]
[GameId "2160767911743305"]
[EventDate "1999.06.11"]
[EventType "tourn"]
[EventRounds "5"]
[EventCountry "CAN"]
[SourceTitle "EXT 2017"]
[Source "ChessBase"]
[SourceDate "2016.10.25"]
[SourceVersion "1"]
[SourceVersionDate "2016.10.25"]
[SourceQuality "1"]

1. e4 c5 2. c3 Nf6 3. e5 Nd5 4. d4 cxd4 5. Qxd4 e6 6. Nf3 Nc6 7. Qe4 f5 8. Qe2 Qc7 9. g3 b6 10. c4 Ba6 11. b3 Bb4+ 12. Bd2 Bxd2+ 13. Nbxd2 Ndb4 14. Kd1 O-O 15. Bg2 Nd5 16. Nb1 Nde7 17. Nc3 Rad8 18. Nb5 Qb8 19. Re1 Ng6 20. h4 d6 21. exd6 Bxb5 22. cxb5 Rxd6+ 23. Kc1 Nb4 24. Rd1 Rc8+ 25. Kb2 Rc2+ 26. Qxc2 Nxc2 27. Kxc2 Qc7+ 28. Kb2 Qc5 29. Rxd6 Qxd6 30. Rc1 h6 31. Rc2 Ne7 32. Rd2 Qc5 33. a4 e5 34. Rc2 Qd6 35. Rd2 Qf6 36. Rd7 e4+ 37. Nd4 Ng6 38. Kc3 Ne5 39. Rxa7 Nd3 40. Bh3 Nxf2 41. Ra8+ Kf7 42. Ra7+ Ke8 0-1

[Event "Select Six"]
[Site "Edmonton CAN"]
[Date "1999.02.13"]
[Round "4"]
[White "Huber, Gregory"]
[Black "Ottosen, David"]
[Result "1-0"]
[WhiteElo "2384"]
[BlackElo "2101"]
[PlyCount "51"]
[GameId "2160767911743306"]
[EventDate "1999.06.11"]
[EventType "tourn"]
[EventRounds "5"]
[EventCountry "CAN"]
[SourceTitle "EXT 2017"]
[Source "ChessBase"]
[SourceDate "2016.10.25"]
[SourceVersion "1"]
[SourceVersionDate "2016.10.25"]
[SourceQuality "1"]

1. e4 e6 2. d4 d5 3. Nd2 c5 4. exd5 Qxd5 5. Ngf3 cxd4 6. Bc4 Qd6 7. Nb3 Nc6 8. O-O Nf6 9. Nbxd4 Nxd4 10. Nxd4 a6 11. Re1 Qc7 12. Bb3 Bd6 13. Nf5 Bxh2+ 14. Kh1 O-O 15. Nxg7 Rd8 16. Qf3 Kxg7 17. Bh6+ Kg6 18. c3 Be5 19. Qe3 Ne4 20. Qxe4+ Kxh6 21. Qh4+ Kg7 22. Qg5+ Kf8 23. Rxe5 Qe7 24. Qg3 Qf6 25. Rg5 Bd7 26. Qd6+ 1-0

[Event "Select Six"]
[Site "Edmonton CAN"]
[Date "1999.06.13"]
[Round "5"]
[White "Gardner, Robert"]
[Black "Gomboc, Dave"]
[Result "1-0"]
[WhiteElo "2328"]
[BlackElo "2129"]
[PlyCount "69"]
[GameId "2160767911743307"]
[EventDate "1999.06.11"]
[EventType "tourn"]
[EventRounds "5"]
[EventCountry "CAN"]
[SourceTitle "EXT 2017"]
[Source "ChessBase"]
[SourceDate "2016.10.25"]
[SourceVersion "1"]
[SourceVersionDate "2016.10.25"]
[SourceQuality "1"]

1. e4 c5 2. Nf3 Nc6 3. d4 cxd4 4. Nxd4 Nf6 5. Nc3 e5 6. Ndb5 d6 7. Bg5 a6 8. Na3 b5 9. Bxf6 gxf6 10. Nd5 f5 11. exf5 Bxf5 12. c3 Bg7 13. Nc2 Ne7 14. Nxe7 Bxc2 15. Qxc2 Kxe7 16. Bd3 h5 17. O-O-O Rh6 18. Be4 Rc8 19. Kb1 a5 20. Qb3 Rf6 21. f3 Rc5 22. g4 hxg4 23. fxg4 a4 24. Qa3 Qc7 25. Bf5 Qb7 26. Rhf1 Rh6 27. Rd2 Bf8 28. Re1 Kf6 29. Qb4 Rc4 30. Qa5 Be7 31. b3 axb3 32. axb3 b4 33. Rf2 Rf4 34. Rxf4 exf4 35. g5+ 1-0

[Event "Select Six"]
[Site "Edmonton CAN"]
[Date "1999.06.13"]
[Round "5"]
[White "Ottosen, David"]
[Black "Haessel, Dale"]
[Result "0-1"]
[WhiteElo "2101"]
[BlackElo "2276"]
[PlyCount "52"]
[GameId "2160767911743308"]
[EventDate "1999.06.11"]
[EventType "tourn"]
[EventRounds "5"]
[EventCountry "CAN"]
[SourceTitle "EXT 2017"]
[Source "ChessBase"]
[SourceDate "2016.10.25"]
[SourceVersion "1"]
[SourceVersionDate "2016.10.25"]
[SourceQuality "1"]

1. e4 c5 2. Nf3 d6 3. d4 cxd4 4. Nxd4 Nf6 5. Nc3 a6 6. Bc4 b5 7. Bb3 e6 8. O-O Be7 9. Be3 O-O 10. f4 b4 11. Na4 Bb7 12. Bxe6 fxe6 13. Nxe6 Qd7 14. Nxf8 Qxa4 15. Ne6 Nbd7 16. e5 dxe5 17. fxe5 Nxe5 18. Bd4 Qc6 19. Qe2 Qxe6 20. Qxe5 Qxe5 21. Bxe5 Bc5+ 22. Kh1 Ng4 23. Bg3 Ne3 24. Bf2 Bxg2+ 25. Kg1 Bxf1 26. Rxf1 Nxf1 0-1

[Event "Select Six"]
[Site "Edmonton CAN"]
[Date "1999.06.13"]
[Round "5"]
[White "Schulte, Oliver"]
[Black "Huber, Gregory"]
[Result "1-0"]
[WhiteElo "2457"]
[BlackElo "2384"]
[PlyCount "67"]
[GameId "2160767911743309"]
[EventDate "1999.06.11"]
[EventType "tourn"]
[EventRounds "5"]
[EventCountry "CAN"]
[SourceTitle "EXT 2017"]
[Source "ChessBase"]
[SourceDate "2016.10.25"]
[SourceVersion "1"]
[SourceVersionDate "2016.10.25"]
[SourceQuality "1"]

1. e4 c5 2. Nf3 d6 3. d4 cxd4 4. Nxd4 Nf6 5. Nc3 a6 6. Bc4 e6 7. Bb3 Nc6 8. Be3 Qc7 9. Qe2 Na5 10. g4 Nxb3 11. axb3 Be7 12. g5 Nd7 13. Rg1 O-O 14. Rg3 Re8 15. h4 Bf8 16. O-O-O b5 17. g6 fxg6 18. h5 b4 19. Na4 gxh5 20. Qxh5 Nf6 21. Qh4 Qf7 22. Nb6 Bb7 23. Nxa8 Rxa8 24. f3 a5 25. Bg5 Nh5 26. Rh3 g6 27. Qg4 Bc8 28. e5 a4 29. bxa4 Rxa4 30. Nb3 d5 31. Rdh1 Bg7 32. Qd4 Qf5 33. Rxh5 gxh5 34. Rg1 1-0

[Event "September op"]
[Site "Toronto CAN"]
[Date "1999.09.12"]
[Round "4"]
[White "Dougherty, Michael"]
[Black "Filipovich, David"]
[Result "1/2-1/2"]
[WhiteElo "2336"]
[BlackElo "2352"]
[PlyCount "52"]
[GameId "2160767911742177"]
[EventDate "1999.09.10"]
[EventType "swiss"]
[EventRounds "5"]
[EventCountry "CAN"]

1. Nf3 d5 2. c4 c6 3. e3 Nf6 4. Nc3 g6 5. d4 Bg7 6. Be2 O-O 7. O-O dxc4 8. Bxc4 Bg4 9. h3 Bxf3 10. Qxf3 Nbd7 11. e4 Nb6 12. Qd3 Nxc4 13. Qxc4 Qb6 14. Be3 Rfd8 15. Rfd1 Ne8 16. Rac1 a5 17. b3 Qb4 18. e5 Nc7 19. f4 Nd5 20. Nxd5 Rxd5 21. Qe2 e6 22. Rc4 Qb5 23. Qc2 Rad8 24. a4 Qb6 25. Bf2 Bf8 26. Rc1 Ba3 1/2-1/2

[Event "September op"]
[Site "Toronto CAN"]
[Date "1999.09.12"]
[Round "4"]
[White "Spraggett, Kevin"]
[Black "Livshits, Ron"]
[Result "1-0"]
[WhiteElo "2648"]
[BlackElo "2527"]
[PlyCount "85"]
[GameId "2160767911742178"]
[EventDate "1999.09.10"]
[EventType "swiss"]
[EventRounds "5"]
[EventCountry "CAN"]

1. e4 c5 2. Nf3 d6 3. c3 Nf6 4. h3 a6 5. Bd3 b5 6. Bc2 c4 7. b3 cxb3 8. axb3 Bb7 9. Qe2 g6 10. d4 Bg7 11. O-O O-O 12. c4 Nbd7 13. Bd2 Qb8 14. Nc3 bxc4 15. bxc4 Rc8 16. Rfb1 Qc7 17. Bd3 e6 18. Qe1 Nb6 19. Nd1 Nfd7 20. Ba5 Rab8 21. Rb4 Ba8 22. Rab1 e5 23. dxe5 dxe5 24. Qe3 Bf8 25. Rxb6 Nxb6 26. Bxb6 Qd7 27. Qe2 Qe6 28. Ba7 Rxb1 29. Bxb1 Qxc4 30. Bd3 Qb3 31. Nb2 Rd8 32. Bc4 Qb7 33. Be3 Ba3 34. Nd3 Qb1+ 35. Kh2 Bxe4 36. Ndxe5 Bd6 37. Bd4 Bxe5+ 38. Bxe5 Re8 39. Bxf7+ Kxf7 40. Ng5+ Kf8 41. Qxa6 Rxe5 42. Qf6+ Ke8 43. Qxe5+ 1-0

[Event "September op"]
[Site "Toronto CAN"]
[Date "1999.09.12"]
[Round "5"]
[White "Rajlich, Vasik"]
[Black "Dougherty, Michael"]
[Result "0-1"]
[WhiteElo "2372"]
[BlackElo "2336"]
[PlyCount "94"]
[GameId "2160767911742179"]
[EventDate "1999.09.10"]
[EventType "swiss"]
[EventRounds "5"]
[EventCountry "CAN"]

1. e4 c5 2. Nf3 g6 3. d4 Bg7 4. Nc3 cxd4 5. Nxd4 Nc6 6. Be3 d6 7. Qd2 Nf6 8. f3 O-O 9. Bc4 Nxd4 10. Bxd4 Be6 11. Bxe6 fxe6 12. O-O-O Qa5 13. h4 b5 14. Kb1 b4 15. Ne2 Nd7 16. Bxg7 Kxg7 17. Nd4 Rf6 18. Qg5 Qc5 19. Qg4 Kf7 20. h5 g5 21. Nb3 Qe5 22. Nc1 Nc5 23. g3 a5 24. Nd3 Nxd3 25. cxd3 Qd4 26. Qxg5 Rg8 27. Qxa5 Rxg3 28. a3 bxa3 29. Qxa3 Rfxf3 30. Rhf1 Kf6 31. Qa8 Kg7 32. Rxf3 Rxf3 33. Qe8 Qf6 34. Rd2 Qg5 35. Kc2 Rf8 36. Qd7 Qc5+ 37. Kb3 Rb8+ 38. Ka2 Qa5+ 39. Kb1 Qxd2 40. Qxe7+ Kh6 41. Qxe6+ Kg5 42. Qe7+ Kg4 43. Qe6+ Kf3 44. Qh3+ Ke2 45. Qg2+ Kxd3 46. Qf3+ Kc4 47. Qf7+ Kb4 0-1

[Event "Shearwater Summer Open"]
[Site "Shearwater CAN"]
[Date "1999.08.21"]
[Round "3"]
[White "Brennan, James"]
[Black "Saunders, Stephen"]
[Result "1-0"]
[WhiteElo "1910"]
[BlackElo "2083"]
[PlyCount "83"]
[GameId "2160767911742418"]
[EventDate "1999.08.21"]
[EventType "swiss"]
[EventRounds "5"]
[EventCountry "CAN"]

1. d4 f5 2. e4 fxe4 3. Nc3 Nf6 4. Bg5 Nc6 5. d5 Ne5 6. Qd4 Nf7 7. Bxf6 exf6 8. Nxe4 f5 9. Ng3 g6 10. O-O-O Bh6+ 11. f4 O-O 12. Nf3 d6 13. h4 Bg7 14. Qd2 h5 15. Nd4 Kh7 16. Bc4 c5 17. Ne6 Bxe6 18. dxe6 Ne5 19. fxe5 Bh6 20. exd6 Bxd2+ 21. Rxd2 b5 22. e7 Qa5 23. exf8=Q Rxf8 24. Be6 c4 25. a3 c3 26. Rd5 Qb6 27. Rd3 b4 28. a4 Rd8 29. Rhd1 cxb2+ 30. Kxb2 Qc5 31. Bb3 Rd7 32. R1d2 Qe5+ 33. Ka2 a5 34. Ne2 Qe4 35. Rd4 Qxg2 36. Nf4 Qc6 37. Ne6 Kh6 38. Ng5 Kg7 39. Be6 Qxa4+ 40. Kb1 Rd8 41. Bb3 Qb5 42. Ne6+ 1-0

[Event "Sherbrooke op"]
[Site "Sherbrooke CAN"]
[Date "1999.06.19"]
[Round "1"]
[White "Sauve, Richard"]
[Black "Bolduc, Steve"]
[Result "0-1"]
[WhiteElo "1924"]
[BlackElo "2210"]
[PlyCount "58"]
[GameId "2160767911743274"]
[EventDate "1999.06.19"]
[EventType "swiss"]
[EventRounds "4"]
[EventCountry "CAN"]
[SourceTitle "hb 2011"]

1. e4 e5 2. Nf3 Nc6 3. d4 exd4 4. Nxd4 Nf6 5. Nc3 Bb4 6. Nxc6 bxc6 7. Bd3 O-O 8. O-O d5 9. exd5 cxd5 10. Bg5 c6 11. Qf3 Bd6 12. Rfe1 Rb8 13. Rab1 h6 14. Bxf6 Qxf6 15. Qxf6 gxf6 16. Ne2 c5 17. c3 Be6 18. Ng3 Rb6 19. Nf5 Rfb8 20. Nxd6 Rxd6 21. Re3 c4 22. Bc2 Ra6 23. a3 Rab6 24. Re2 Kf8 25. Ba4 Bf5 26. Rd1 Bd3 27. Ree1 Rxb2 28. Bc6 Rd8 29. a4 Rb6 0-1